000 03848nam a22003737a 4500
001 0009093
003 KOHA_MİRAKIL
005 20260207001658.0
007 ta
008 091120b2008 tu |||gr||||#||||0|tur |
020 _a9789752636781
_c14,95
040 _aTR-BiSEU
_btur
_cTR-BiSEU
_erda
041 0 _atur
044 _ctu
050 _aHQ1170
_b.B64 2008
100 1 _aBöhürler, Ayşe.
245 1 _aDuvarların arkasında :
_bmüslüman ülkerlerde kadın/
_cAyşe Böhürler ; Ayşe Böhürler, Aslıhan Eker; editör Esma Ürkmez.
264 1 _aİstanbul :
_bTimaş Yayınları
_c2008
300 _a 550 sayfa: resimli
336 _ametin
_btxt
_2rdacontent
337 _aaracısız
_bn
_2rdamedia
338 _acilt
_bnc
_2rdacarrier
490 1 _aTimaş Yayınları ;
_v1755.
490 1 _aSosyoloji Dizisi ;
_v10.
500 _aCover title: Müslüman ülkelerde kadın: duvarların arkasında.
500 _aDizin var.
505 _aKadınların perdelenmemiş sesi:
_xGazeteci yazar Ayşe Böhürler çarpıcı projesi Duvarların Arkasında'da 13 Müslüman ülkeden 140'a yakın kadının ülkesinin ya da önyargıların duvarlarını aşma mücadelesini anlatıyor.
_x
_x *Burkaların, peçelerin arkasında tasvir edilen Müslüman kadın tipi ne kada gerçeği yansıtıyor?
_x
_x *Bu konudaki önyargılar ne kadar doğru
_x
_x *Coğrafi ve kültürel farklar bu kadınların hayatına, dinî yorumlara nasıl yansımış?
_x
_x *Önlerinde görünen ve görünmeyen duvarlar neler?
_x
_x *Nasıl bir kadın özgürlüğü modelini benimsiyorlar?
_x
_x * Dindar ve modern olmak arasında nerede duruyorlar?"
_x
_xDuvarların Arkasında kitabı gazetece-yazar Ayşe Böhürler'in yaklaşık üç yıllık çalışmasının ürünü. Aslında bir belgesel projesi olan Duvarların Arkasında, kapsamının genişliği nedeniyle belgesel sınırlarını aşan bilgi dağarını kitap haline gelerek herkesle paylaşıyor. Orijinal metinlerinin Arapça, Farsça, İngilizce, Fransızca, Urduca ve Malayca'dan çevrilip tekrarlardan arındırılarak başlıklandırmalarla sunulduğu kitapta 13 Müslüman ülkeden 140'a yakın kişiyle yapılan röportajlar yer alıyor. Kadın bakanlar ve milletvekilleri, sivil toplum kuruluşu başkanları ve kadın aktivistleri, medya mensupları, yazar ve sanatçılar, öğretmenler, öğrenciler ve daha birçok meslek alanından kişiler, siyaseti, sosyal hayatı, şiddeti, çabayı, sorunları ve çözümleri okurlarla paylaşıyor...
_x
_x"Kadın hayatına yönelik olarak İslam ülkelerinde hatta Türkiye'de bile büyük travmaların hâlâ yaşandığını hepimiz biliyoruz. Duvarların Arkasında bu travmaların azaltılmasında bir rol oynayabilir. Yani insana, kadına, Müslüman kadının hayatına biraz daha merhametli, insani ve insaflı bakışı da getirir, diye umut ediyorum."
_xProf. Dr. Beşir Atalay, İçişleri Bakanı
_x
_x"Belgeseli'nin bir kaç ülkedeki çekimine katılarak bir tür yol arkadaşlığı yaptım. Şimdi bu belgeselin kitaplaşmasının hepimiz için hem çok ilginç, hem de çok öğretici olduğunu düşünüyorum." Nuray Mert
_xAyşe Böhürler, Malezya'dan Endonezya'ya, İran'dan Cezayir'e İslam coğrafyasındaki "duvarların arkasında"ki kadını gözümüzün önüne getiriyor... Kendi kulvarında çok nadir, üstelikte referans oluşturacak türde kalıcı bir çalışma. Kitaplaştırarak konuyla ilgili her çaresiz kalanın bir başvuru kitabı haline getirdiği için da kendisine ayrıca teşekkür etmek gerek..."
_xMehmet Altan
_x
650 0 _aMuslim women.
_912614
650 0 _aWomen's rights--Islamic countries.
_922661
650 0 _aWomen's rights--Religious aspects--Islam.
_922662
830 1 _aTimaş Yayınları ;
_v1755.
_99767
830 1 _aSosyoloji Dizisi ;
_v10.
_922663
942 _2lcc
_cBK
999 _c9065
_d9065